OK-Wallows (all lyrics) - Statistics

General Stats
  • This quiz has been taken 139 times
  • The average score is 257 of 365
Answer Stats
Answer % Correct
a
96%
I
96%
the
96%
The
96%
We
96%
we
96%
you
96%
You
96%
can
94%
Can
94%
know
93%
to
93%
no
92%
an
90%
that
90%
so
89%
If
87%
if
87%
on
87%
and
86%
your
86%
me
85%
okay
85%
Okay
85%
get
83%
need
83%
Need
83%
tell
83%
well
83%
mind
82%
say
82%
there's
82%
There's
82%
explain
80%
facial
80%
in
80%
what
80%
Don't
77%
expression
77%
just
77%
be
76%
want
76%
it
75%
is
73%
Is
73%
again?
72%
again
72%
alright
70%
difference
70%
try
70%
nothing's
69%
slightest
69%
up
69%
feel
68%
think
68%
will
68%
all
66%
goodnight
66%
love
66%
fine
63%
I'm
63%
out
63%
that's
63%
of
61%
thing
61%
getting
59%
honest
59%
we're
56%
close
55%
hard
52%
talk
52%
give
51%
through
51%
back
49%
things
48%
who
48%
hear
46%
hear?
46%
sit
46%
break
45%
'Cause
44%
eyes
44%
It's
44%
most
44%
someone
44%
too
44%
perfect
42%
this
42%
should
41%
hardest
39%
likes
39%
my
39%
relate
39%
shit
39%
even
38%
head
38%
over
38%
though
38%
trust
38%
come
37%
Please
37%
Let
35%
Before
32%
flip
31%
instead
31%
here
30%
myself
30%
clear
28%
could
28%
loud
28%
but
25%
But
25%
make
25%
what's
25%
for
24%
with
24%
or
23%
concern?
21%
can't
20%
I'd
20%
isn't
20%
sound
20%
mirage
18%
wait
18%
hour
17%
year
17%
self
15%
learned
14%
sabotage
14%
something
14%
without
14%
I've
13%
bad
11%
separation
11%
habits
10%
lie
10%
opinion
10%
never
8%
panic
8%
grab
7%
tend
7%
reach
6%
these
4%
Found
3%
Hey
3%
another
1%
one
1%
No matching quizzes found
Score Distribution
Percent of People with Each Score
Percentile by Number Answered
Your Score History
You have not taken this quiz